Turismo y transporte (Registro nro. 5362)

Detalles MARC
000 -CABECERA
campo de control de longitud fija 00557aam a2200205 4500
005 - FECHA Y HORA DE ACTUALIZACIÓN
campo de control 20170220165607.0
008 - LONGITUD FIJA
campo de control de longitud fija 150512b xxu||||| |||| 00| 0 spa d
041 ## - IDIOMA
Código de idioma del texto/pista de sonido o título separado
082 ## - CLASIFICACIÓN DECIMAL DEWEY
Número de clasificación 1.11.8 B644t
100 ## - AUTOR PERSONAL
Nombre de persona Blasco, Albert
245 ## - TÍTULO PROPIAMENTE DICHO
Título Turismo y transporte
260 ## - PIE DE IMPRENTA
Lugar de publicación, distribución, etc. España
Nombre del editor, distribuidor, etc. Sintesis
Fecha de publicación, distribución, etc. 2001
300 ## - DESCRIPCIÓN FÍSICA
Extensión 217 páginas
650 ## - Materia General
Materia general TRANSPORTE TURÍSTICO
650 ## - Materia General
Materia general FERROCARRILES
650 ## - Materia General
Materia general TRANSPORTE ACUÁTICO
650 ## - Materia General
Materia general CRUCEROS TURÍSTICOS
650 ## - Materia General
Materia general TRANSPORTE AÉREO
942 ## - Punto de Acceso Adicional Koha
Tipo de ítem Koha Libro
Existencias
Estado perdido Estado dañado No para préstamo Biblioteca permanente Biblioteca actual Signatura completa Código de barras Precio efectivo a partir del Tipo de ítem
      Departamento de Biblioteca y Documentación Alfonso Chase Brenes Departamento de Biblioteca y Documentación Alfonso Chase Brenes 1.11.8 B644t 9466 07/02/2017 Libro
      Departamento de Biblioteca y Documentación Alfonso Chase Brenes Departamento de Biblioteca y Documentación Alfonso Chase Brenes 1.11.8 B644t 10602 07/02/2017 Libro